| 000 | 00594cam a22002292a 4500 | ||
|---|---|---|---|
| 001 | 004242 | ||
| 003 | AR-FADEU | ||
| 008 | 311216n1994####xxu####################dd | ||
| 020 | _a950-99711-5-4 | ||
| 092 |
_aA863.42 _bG538 |
||
| 100 | _aGiusti, Roberto Fernando | ||
| 245 | _aVisto y vivido | ||
| 260 | _aBuenos Aires | ||
| 260 | _bSecretaría de cultura de la Nación | ||
| 260 | _bTheoría | ||
| 260 | _c1994 | ||
| 300 | _a343 p | ||
| 440 |
_aIdentidad Nacional _n54 |
||
| 500 | _aPrólogo de Alberto Mario Perrone | ||
| 650 | _aLITERATURA ARGENTINA-NARRATIVA | ||
| 942 | _cBDGR | ||
| 999 |
_c10068 _d10068 |
||